| 000 | 00398nam a22001457a 4500 | ||
|---|---|---|---|
| 020 | _qHB. | ||
| 040 | _cFIZZA ISHAQ | ||
| 082 |
_a530 _bARFKEN |
||
| 100 |
_aGRIFFING F.DAVID,ARFKEN B.GEORGE. _9130781 |
||
| 245 |
_aUNIVERSITY PHYSICS / _cGEORGE B.ARFKEN,DAVID F.GRIFFING. |
||
| 250 | _a2ND ED. | ||
| 260 |
_aNEW YORK; _bHARCOURT COLLEGE PUBLISHER, _c1989. |
||
| 300 | _a938 P. ; | ||
| 942 |
_2ddc _cBK |
||
| 999 |
_c614961 _d614961 |
||